Educational administration : (Record no. 13562)

MARC details
000 -LEADER
fixed length control field 01866cam a2200361 a 4500
001 - CONTROL NUMBER
control field 13562
005 - DATE AND TIME OF LATEST TRANSACTION
control field 20260619070426.0
008 - FIXED-LENGTH DATA ELEMENTS--GENERAL INFORMATION
fixed length control field 070228s2008 caua b 001 0 eng
010 ## - LIBRARY OF CONGRESS CONTROL NUMBER
LC control number 2007923794
020 ## - INTERNATIONAL STANDARD BOOK NUMBER
International Standard Book Number 0495115851
020 ## - INTERNATIONAL STANDARD BOOK NUMBER
International Standard Book Number 9780495115854
035 ## - SYSTEM CONTROL NUMBER
System control number 14751124
040 ## - CATALOGING SOURCE
Original cataloging agency DLC
Transcribing agency DLC
Modifying agency DLC
-- BSULIB
043 ## - GEOGRAPHIC AREA CODE
Geographic area code n-us---
050 00 - LIBRARY OF CONGRESS CALL NUMBER
Classification number LB2805
Item number .L82 2008
082 00 - DEWEY DECIMAL CLASSIFICATION NUMBER
Classification number 371.200973
Edition number 22
Item number LUN
100 1# - MAIN ENTRY--PERSONAL NAME
Personal name Lunenburg, Frederick C.
9 (RLIN) 26527
245 10 - TITLE STATEMENT
Title Educational administration :
Remainder of title concepts and practices /
Statement of responsibility, etc Fred C. Lunenburg, Allan C. Ornstein.
250 ## - EDITION STATEMENT
Edition statement 5th ed.
260 ## - PUBLICATION, DISTRIBUTION, ETC. (IMPRINT)
Place of publication, distribution, etc Belmont, CA :
Name of publisher, distributor, etc Wadsworth,
Date of publication, distribution, etc 2008.
300 ## - PHYSICAL DESCRIPTION
Extent xxv, 554 p. :
Other physical details ill. ;
Dimensions 26 cm.
504 ## - BIBLIOGRAPHY, ETC. NOTE
Bibliography, etc Includes bibliographical references and index.
505 ## - FORMATTED CONTENTS NOTE
Formatted contents note --Development of administrative theory --Organizational structure --Organizational culture --Motivation --Leadership --Decision Making --Communication --Organizational change --The federal and state government and education --Local School Districts --School Finance and productivity --Legal considerations and education --Curriculum development and implementation --Analyzing and improving teaching --Human resources administration
650 #0 - SUBJECT ADDED ENTRY--TOPICAL TERM
Topical term or geographic name as entry element School management and organization
Geographic subdivision United States.
9 (RLIN) 16766
700 1# - ADDED ENTRY--PERSONAL NAME
Personal name Ornstein, Allan C.
9 (RLIN) 4159
856 42 - ELECTRONIC LOCATION AND ACCESS
Materials specified Contributor biographical information
Uniform Resource Identifier <a href="http://www.loc.gov/catdir/enhancements/fy1104/2007923794-b.html">http://www.loc.gov/catdir/enhancements/fy1104/2007923794-b.html</a>
856 42 - ELECTRONIC LOCATION AND ACCESS
Materials specified Publisher description
Uniform Resource Identifier <a href="http://www.loc.gov/catdir/enhancements/fy1104/2007923794-d.html">http://www.loc.gov/catdir/enhancements/fy1104/2007923794-d.html</a>
856 41 - ELECTRONIC LOCATION AND ACCESS
Materials specified Table of contents only
Uniform Resource Identifier <a href="http://www.loc.gov/catdir/enhancements/fy1104/2007923794-t.html">http://www.loc.gov/catdir/enhancements/fy1104/2007923794-t.html</a>
906 ## - LOCAL DATA ELEMENT F, LDF (RLIN)
a 7
b cbc
c orignew
d 2
e epcn
f 20
g y-gencatlg
942 ## - ADDED ENTRY ELEMENTS (KOHA)
Source of classification or shelving scheme Dewey Decimal Classification
Item type Books
Holdings
Withdrawn status Lost status Source of classification or shelving scheme Damaged status Not for loan Home library Current library Shelving location Date acquired Source of acquisition Inventory number Total Checkouts Full call number Barcode Date last seen Copy number Price effective from Koha item type Public note
    Dewey Decimal Classification     Main Library Main Library Reserve Book Section 10/06/2011 Donation 22684   371.200973 LUN bsu26060258 15/06/2026 001 15/06/2026 Books Material Available In Hardcopy

© 2017 Bishop Stuart University Library. All Rights Reserved.
Kakoba Campus, Plot 150 Buremba Road | P.O. Box 9, Mbarara, UGANDA | Tel: +256-772-463068
Email: library@bsu.ac.ug